000
00259nam a2200097Ia 4500
008
240331s9999 xx 000 0 und d
082
_b
LIB
100
_a
Logos. ed
245
0
_a
Liberation on the village :
_b
transport and health- Logos, Vol. 16, No. 1
942
_c
L
999
_c
2231
_d
2231